Az ezredforduló munkaerő-piaci kihívásai a Tőketerebesi járás jelenlegi ipari struktúrájában túlsúlyban a feldolgozási ágazatok érvényesülnek ...

Bibliographic Details
Main Author: Sápos, Aranka, 1963- (Author)
Other Authors: Nagy, Zoltán, 1961- (Illustrator)
Format: Article
Language:Hungarian
PhysicalDescription:Obr.
Subjects:

MARC

LEADER 00000nab a2200000 a 4500
001 vtls000795021
003 SK-MaSNL
005 20260319075009.0
008 160405c2002 xo 0 hun
015 |a SNBRB2002/05-16893 
035 |a CLN000146676 
040 |a SNKBUCL  |b slo  |c SNKBUCL  |e AACR2 
041 0 |a hun 
044 |a xo  |c SK 
080 |a 331.5(437.6)  |2 1997 
100 1 |a Sápos, Aranka,  |d 1963-  |4 aut  |9 852028 
245 1 3 |a Az ezredforduló munkaerő-piaci kihívásai  |b a Tőketerebesi járás jelenlegi ipari struktúrájában túlsúlyban a feldolgozási ágazatok érvényesülnek ...  |c Sápos Aranka ; illusztrálta Nagy Zoltán 
300 |b Obr. 
650 0 7 |a trh práce  |z Trebišov (Slovensko : okres)  |2 snkbucl  |9 852029 
651 7 |a 811  |2 snkbucl  |9 462276 
655 7 |a články z novín a časopisov  |2 snkbucl  |9 267496 
700 1 |a Nagy, Zoltán,  |d 1961-  |4 ill  |9 112018 
773 0 |t Új szó  |g Roč. 55, č. 79 (5.4.2002) 
773 0 |t [Príl.] Gondolat  |g Roč. 2, č. 7 (2002), s. 10 
850 |a Slovenská národná knižnica v Martine 
852 |a SNK  |b KIS3GCP 
958 |a HU 
958 |a SK 
958 |a RBX 
999 |c 1369319  |d 1371249